000 00792nam a2200253Ia 4500
003 GCL
008 140319s9999 xx 000 0 ara d
040 _aGCL /
_cGCL
082 0 4 _a147
_bس ت
100 1 _aامام عبدالفتاح امام
245 1 0 _aالتصوف والفلسفة /
_cامام عبدالفتاح امام
700 1 _aستيس، ولتر
250 _aالاولى
260 _aالقاهرة :
_bمكتبة مدبولى
300 _a412 ص ؛
_c24 سم
650 0 4 _aالتصوف الاسلامى
650 0 4 _aالتصوف
650 0 4 _aالطرق الصوفية
650 0 4 _aتصوف الفلاسفة
650 0 4 _aالتصوف والفلسفة
650 0 4 _aالتصوف والمنطق
650 0 4 _aالتصوف واللغة
942 _2ddc
_cBK
999 _c4907
_d4907